Химия терпенов и смоляных кислот: учебное пособие

Bibliographische Detailangaben
1. Verfasser: Никитин В. М.
Sprache:Russisch
Veröffentlicht: Москва, Гослесбумиздат, 1952
Schlagworte:
Format: MixedMaterials Buch
KOHA link:https://koha.lib.tpu.ru/cgi-bin/koha/opac-detail.pl?biblionumber=125695

MARC

LEADER 00000nam0a2200000 4500
001 125695
005 20231101215940.0
035 |a (RuTPU)RU\TPU\book\136007 
090 |a 125695 
100 |a 20071119d1952 m y0rusy50 ca 
101 0 |a rus 
102 |a RU 
105 |a a j 001zy 
200 1 |a Химия терпенов и смоляных кислот  |e учебное пособие  |f В. М. Никитин 
210 |a Москва  |c Гослесбумиздат  |d 1952  |a Ленинград 
215 |a 348 с.  |c ил. 
320 |a Библиогр.: с. 338. 
320 |a Предметный указатель: с. 339-343. 
606 1 |a Терпены  |x Химия  |2 stltpush  |3 (RuTPU)RU\TPU\subj\60008  |9 77499 
610 1 |a смоляные кислоты 
610 1 |a углеводороды 
610 1 |a производства 
610 1 |a ментаны 
610 1 |a сесквитерпены 
675 |a 547.59(075.8)  |v 3 
700 1 |a Никитин  |b В. М. 
801 1 |a RU  |b 63413507  |c 20071119  |g PSBO 
801 2 |a RU  |b 63413507  |c 20170920  |g PSBO 
942 |c BK